| 000 | 00854nam a22002057a 4500 | ||
|---|---|---|---|
| 999 |
_c12210 _d12210 |
||
| 003 | AR-CdUCM | ||
| 008 | 190408b ||||| |||| 00| 0 spa d | ||
| 040 |
_aMUNICIPALIDAD PROVINCIAL DEL CUSCO _cBIBLIOTECA MUNICIPAL DEL CUSCO |
||
| 082 |
_a616.09 / _bAR66 / 1827 |
||
| 100 |
_aMartinet, M. L. _929952 |
||
| 245 | _aCompendio de clínica medica / | ||
| 260 |
_aGerona : _bImpresor Antonio O., _c1827. |
||
| 300 |
_a540 paginas : _c16 cm. |
||
| 505 | _aContenido :Exploración de diversos métodos de exploración en medicina -- De la observación en general -- Método de exploración aplicado a las enfermedades de la cabeza -- Aparato locomotor -- Vías urinarias... | ||
| 650 |
_aMedicina humana _918640 |
||
| 650 |
_aSistemas del cuerpo humano _929953 |
||
| 650 |
_aExámenes médicos _929954 |
||
| 942 |
_2ddc _cLIBROS |
||
| 945 |
_awnts _d2019-04-08 |
||